00946cam a22002294a 4500001001300000003000400013005001700017008004100034010001700075040001800092041001400110050002800124100004000152245027800192246002900470260004400499300003700543650003200580600004800612700003900660999001700699ltf91052755 DLC20260227111553.0910517s1869 ii 000 0 tam  altf91052755  aDLCcDLCdDLC0 atamafren00aPL4758.9.C349bR33 18690 aCavarāyalu Nāyakar,d1829-1911.10aRecueil de chants tamouls /cpar Z. Savarayalounaiker ; précédé de divers extraits, certificats, notes, etc. en français, et de morceaux de poésie ou vers tamouls composés par divers poetes, le tout concernant Z. Savarayalounaiker par Solé Appassamymoudeliar.15aPāṭar̲r̲iraṭṭu aPondichery :bA. Saligny, Impr.,c1869. a1 v. (various pagings) ;c24 cm. 0aTamil poetryy19th century.00aCavarāyalu Nāyakar,d1829-1911vPoetry.1 aAppācāmi Mutaliyār, Cōlai. c37616d37616